LEADER 01621nam2 22003493i 450 001 IEI0086656 005 20251003044158.0 100 $a19941031d1994 ||||0itac50 ba 101 | $aita 102 $ait 181 1$6z01$ai $bxxxe 182 1$6z01$an 200 1 $aˆ62: ‰Benevento$fSistema statistico nazionale, Istituto nazionale di statistica 210 $aRoma$cIstat$d1994 215 $a291 p., [9] c.$d28 cm$e1 c. geogr. 314 $aSC/RAV 27/05/00 BNI aprile 1994$9CFIV037615 461 1$1001IEI0077519$12001 $aPopolazione e abitazioni$efascicolo provinciale$e*13. censimento generale della popolazione e delle abitazioni$e20 ottobre 1991$fSistema statistico nazionale, Istituto Nazionale di Statistica$v62 676 $a304.60945$9POPOLAZIONE. Italia$v23 710 02$aIstat$3CFIV037615$4070$0374421 791 02$aIstituto nazionale di statistica$3CFIV256089$zIstat 791 02$aIstituto centrale di statistica del Regno d'Italia$3ISTV000599$zIstat 791 02$aIstituto centrale di statistica$3LO1V135217$zIstat 791 02$aIstituto nazionale di statistica$3CFIV256089$zIstat 791 02$aIstituto centrale di statistica del Regno d'Italia$3ISTV000599$zIstat 791 02$aIstituto centrale di statistica$3LO1V135217$zIstat 801 3$aIT$bIT-000000$c19941031 850 $aIT-BN0095 $aIT-NA0079 912 $aIEI0086656 950 2$aBiblioteca Centralizzata di Ateneo$c1 v.$d 01M/S (AR) 17 357$e 01AR 0700173575 VMA A4 1 v.$fY $h20240131$i20240131 977 $a 01$a BN 996 $aBenevento$9303711 997 $aUNISANNIO